Streets of Jefferson Park, CHICAGO - Statistics

General Stats
  • This quiz has been taken 8 times
  • The average score is 13 of 39
Answer Stats
Block Street % Correct
NW Elston
100%
NW Milwaukee
100%
5300 N Berwyn
75%
5600 N Bryn Mawr
75%
5200 N Foster
75%
NW Higgins
75%
4800 N Lawrence
75%
4400 N Montrose
75%
6000 N Peterson
75%
5000 N Argyle
50%
6000 W Austin
50%
5600 W Central
50%
5200 W Laramie
50%
4700 N Leland
50%
NW Northwest
50%
4600 N Wilson
50%
4900 N Ainslie
25%
5400 N Balmoral
25%
NW Indian
25%
5400 W Long
25%
6400 W Nagle
25%
SW Rogers
25%
5900 N Thorndale
25%
5800 N Ardmore
0%
5100 N Carmen
0%
5500 N Catalpa
0%
4832 N Gunnison
0%
5000 W Lavergne
0%
5100 W LeClaire
0%
5500 W Linder
0%
5300 W Lockwood
0%
5700 W Major
0%
5900 W Marmora
0%
6100 W Meade
0%
6200 W Melvina
0%
5800 W Menard
0%
6300 W Mobile
0%
5700 N Seminole
0%
4500 N Sunnyside
0%
No matching quizzes found
Score Distribution
Percent of People with Each Score
Percentile by Number Answered
Your Score History
You have not taken this quiz